| 000 | 00685nam a2200253 a 4500 | ||
|---|---|---|---|
| 001 | 10185 | ||
| 003 | CO-ViMGA | ||
| 008 | 141112s2004 ck r 000 u spa d | ||
| 020 | _a9557309 | ||
| 040 |
_aCO-ViMGA _bspa _cCO-ViMGA |
||
| 082 | 0 | 4 | _a338.2728 B35e |
| 100 | 1 |
_aBendeck Olivella ; Jorge, _913150 |
|
| 245 | 1 | 0 | _aEcopetrol, Historia de un empresa |
| 250 | _a1 | ||
| 260 |
_aSanta Fe de Bogotá, _cPunto Llano LTDA., _c1993 |
||
| 300 | _a224p. | ||
| 590 | _aEjemplares : 2 | ||
| 650 | 1 | 4 |
_aCOLOMBIA - PETROLEO _913151 |
| 650 | 1 | 4 |
_aEMPRESAS _952652 |
| 650 | 1 | 4 |
_aHISTORIA _913152 |
| 650 | 1 | 4 |
_aINDUSTRIADEL PETROLEO _913153 |
| 650 | 1 | 4 |
_aPETROLEO _913154 |
| 942 |
_2ddc _cBK |
||
| 999 |
_c21557 _d21557 |
||